| 000 | 00826cam a2200205 4500 | ||
|---|---|---|---|
| 008 | 000000n2000 000 0 eng u | ||
| 020 | _a1855245469 | ||
| 035 | _a(Sirsi) u106118 | ||
| 050 | _a658.2 | ||
| 245 | _aCroner's facilities management : records and procedures. | ||
| 260 |
_aKingston upon Thames _bCroner _c2000 |
||
| 300 | _a1v. (loose-leaf) ; 30cm. | ||
| 520 | _aThis looseleaf is up-to-date as at August 2009. We have cancelled our subscription and will remove this title from our collection when it becomes out-of-date. Please ask a member of staff for more details. | ||
| 650 | _aBUILT ENVIRONMENT-BUILDING MAINTENANCE AND REFURBISHMENT | ||
| 650 | _aFINANCIAL MANAGEMENT | ||
| 650 | _aBENCHMARKING | ||
| 650 | _aBUSINESS CONTINUITY MANAGEMENT | ||
| 690 |
_aFACILITIES MANAGEMENT _96240 |
||
| 942 | _n0 | ||
| 999 |
_c100520 _d100520 |
||